LEADER 01183nam a2200265 i 4500 001 000000034666 003 CaOOAMICUS 005 20130226000000.0 008 130226s1984 it u000 u ita u 013 $a1395 040 $aSeMil$bita 100 1 $aSoggin, J. Alberto,$d<1926-2010>.$0(OLS)http://semarc/name/15106 245 10$aStoria d'Israele :$bdalle origini a Bar Kochbà /$cJ. Alberto Soggin ; Con due appendici di Diethelm Conrad e Haim Tadmor. 260 $aBrescia :$bPaideia,$ccopyr. 1984. 300 $a572 p., [18] p. di tav. ;$c21 cm. 490 0 $aBiblioteca di cultura religiosa ;$v44 500 $aContiene : Appendici. 650 4$aEbrei - Storia.$0(OLS)http://semarc/subject/4633 700 1 $aTadmor, Hayim.$0(OLS)http://semarc/name/15946 700 1 $aConrad, Diethelm.$0(OLS)http://semarc/name/15945 830 0$aBiblioteca di cultura religiosa ;$v44.$0(OLS)http://semarc/title/85 850 $aSeMil 852 $aSeMil$W1$xVenegono$y1$m2L II 194$j821$B821$CSeMilBibl$Z2$F821 $81 996 $6245$aStoria d'Israele :$bdalle origini a Bar Kochbà$9(OLS)http://semarc/title/47001 996 $6260$aBrescia :$bPaideia$9(OLS)http://semarc/publisher/29614 LEADER 01195nam a2200277 i 4500 001 000000131932 003 CaOOAMICUS 005 20050214000000.0 008 050214s2004 it u000 u ita u 013 $a104851 020 $a88-399-1133-2 040 $aSeMil$bita 100 1 $aLégasse, Simon,$c.$0(OLS)http://semarc/name/12809 240 12$aL'épître de Paul aux Romains.$0(OLS)http://semarc/title/193889 245 12$aL'epistola di Paolo ai Romani /$cSimon Légasse. 260 $aBrescia :$bQueriniana,$c2004. 300 $a810 p. ;$c23 cm. 490 0 $aCommentari biblici [Queriniana] 650 4$aBibbia. Nuovo Testamento. Lettera ai Romani - Commentari, studi, critica, interpretazioni.$0(OLS)http://semarc/subject/31 830 0$aCommentari biblici.$0(OLS)http://semarc/title/26790 850 $aSeMil 852 $aSeMil$W1$xVenegono$y1$m2WA E 14$j251463$B85863$CSeMilBibl$Z2$F89626 $81 961 $aRecupero: Seminario di Seveso 996 $6020$a88-399-1133-2$9(OLS)http://semarc/number/118887 996 $6245$aL'epistola di Paolo ai Romani$9(OLS)http://semarc/title/193888 996 $6260$aBrescia :$bQueriniana$9(OLS)http://semarc/publisher/29615